000 00499nam a2200169Ia 4500
008 121119t2010 xxu||||| |||| 00| 0 sin d
041 _asin
080 _aX8S1
_bSEN
100 _aMajula Senevirathna
_eed.
245 _aදුම්බර කවි සිත මල්වර වී
246 _aDumbara Kavi Sitha Malvara Vee
260 _bSanvedi Sahurda Sansadaya
_aUdudumbara
_c2010
300 _b68p., ill, 21 cm
942 _cBK
999 _c75423
_d75423
003 LK-CoDNM
040 _aLK-CoDNM
_dLK-CoDNM
_eLK-CoDNM